| 000 | 01032nam a2200313 a 4500 | ||
|---|---|---|---|
| 001 | 200427339 | ||
| 003 | TR-AnTOB | ||
| 005 | 20250912092007.0 | ||
| 008 | 050908s2005 tu b 000 0 tur d | ||
| 020 | _a9756881062 | ||
| 040 |
_aBGZ _beng _cBGZ _dTR-AnTOB _erda |
||
| 041 | _atur | ||
| 050 |
_aPL235 _b.A45 2005 |
||
| 090 |
_aPL235 _b.A45 2005 |
||
| 100 | 1 |
_aAkkanat, Cevat, _d1964- _9150040 |
|
| 245 | 1 | 0 |
_aBaba, bu kitap sana : _b(Babalar için şiirler) inceleme-antoloji / _cCevat Akkanat. |
| 264 |
_aEskişehir, _bOdunpazarı Belediyesi Yayınları, _c2005. |
||
| 300 |
_a325 pages ; _c22 cm. |
||
| 336 |
_2rdacontent _atext |
||
| 337 |
_2rdamedia _aunmediated |
||
| 338 |
_2rdacarrier _avolume |
||
| 490 | 0 |
_aOdunpazarı Belediyesi yayınları ; _v9. _aKültür yayınları ; _v6 |
|
| 504 | _aIncludes bibliographical references | ||
| 590 | _aDonated by Tuba Işınsu İsen Durmuş. | ||
| 650 | 0 |
_aTurkish poetry _y20th century. _942839 |
|
| 650 | 0 |
_aFathers _xPoetry. |
|
| 942 |
_2lcc _cBK |
||
| 999 |
_c200427339 _d45263 |
||